[Event "Andorra Open"]
[Site "La Massana AND"]
[Date "2010.07.25"]
[Round "9"]
[White "Zoler,D"]
[Black "Edouard,R"]
[Result "1-0"]
[WhiteElo "2474"]
[BlackElo "2620"]
[EventDate "2010.07.17"]

1. d4 Nf6 2. c4 e6 3. Nf3 c5 4. d5 d6 5. Nc3 exd5 6. cxd5 g6 7. Bf4 a6 8.
a4 Bg7 9. h3 O-O 10. e3 Bf5 11. Nd2 Re8 12. Be2 Ne4 13. Ncxe4 Bxe4 14. Nc4
Bxg2 15. Rh2 Be4 16. Nxd6 Re5 17. Bxe5 Bxe5 18. Nxe4 Bxh2 19. Qb3 Nd7 20.
d6 Qh4 21. Qxb7 Rb8 22. Qd5 Nb6 23. Qc6 f5 24. Nxc5 Bg1 25. Nd3 Bh2 26. a5
Nc8 27. d7 Nd6 28. Qg2 1-0

[Event "Andorra Open"]
[Site "La Massana AND"]
[Date "2010.07.25"]
[Round "9"]
[White "Cori,J"]
[Black "Spraggett,K"]
[Result "1-0"]
[WhiteElo "2486"]
[BlackElo "2575"]
[EventDate "2010.07.17"]

1. d4 Nf6 2. Nf3 e6 3. e3 b6 4. Bd3 Bb7 5. b3 d5 6. Bb2 Bd6 7. Nbd2 O-O 8.
O-O c5 9. Ne5 Nc6 10. a3 Rc8 11. f4 Ne7 12. Qe2 a5 13. a4 Rc7 14. Rac1 Nc6
15. c3 Qe7 16. Ndf3 cxd4 17. exd4 Ba3 18. Nxc6 Bxc6 19. Ne5 Bb7 20. Rfe1
Bxb2 21. Qxb2 Qd6 22. g3 g6 23. h3 Ra8 24. Ng4 Nh5 25. Kh2 Rac8 26. Re3 Qd8
27. Be2 Nf6 28. Nxf6+ Qxf6 29. Rf1 Bc6 30. g4 Bd7 31. Qd2 Rb8 32. Bb5 Bxb5
33. axb5 Rbc8 34. f5 exf5 35. gxf5 Re7 36. Rxe7 Qxe7 37. f6 Qd6+ 38. Kg2 h5
39. Qh6 Qf8 40. Qe3 Rc7 41. Re1 Kh7 42. Qg3 Ra7 43. Qg5 Qa3 44. Re7 Qb2+
45. Kf1 Qxc3 46. Rxa7 Qf3+ 47. Kg1 Qd1+ 48. Kh2 1-0

[Event "Andorra Open"]
[Site "La Massana AND"]
[Date "2010.07.25"]
[Round "9"]
[White "Almeida Quintana,O"]
[Black "Ipatov,A ESP"]
[Result "1/2-1/2"]
[WhiteElo "2559"]
[BlackElo "2507"]
[EventDate "2010.07.17"]

1. g3 d5 2. Bg2 Nf6 3. d3 c6 4. Nf3 Bg4 5. Nbd2 Nbd7 6. h3 Bxf3 7. Nxf3 e6
8. O-O Bd6 9. e4 O-O 10. Qe2 Ne8 11. e5 Be7 12. h4 g6 13. Bh3 Ng7 14. Bf4
Qb6 15. c3 a5 16. Rad1 a4 17. a3 Rae8 18. Kg2 f5 19. exf6 Bxf6 20. Rfe1 c5
21. d4 Qc6 22. Bh6 Rf7 23. Rd3 Rfe7 24. Bxg7 Kxg7 25. Re3 Nb6 26. Ne5 Bxe5
27. Rxe5 Nc4 28. Rxe6 Rxe6 29. Bxe6 cxd4 30. cxd4 Qb6 31. h5 gxh5 32. Kh3
Re7 33. f4 h6 34. f5 Qxd4 35. Qxh5 Qf6 36. Qg4+ Qg5 37. Qd4+ Kh7 38. f6
Rxe6 39. Rxe6 Qf5+ 40. Qg4 Qf1+ 41. Kh4 Qh1+ 42. Qh3 Qxh3+ 43. Kxh3 Kg6 44.
f7+ Kxf7 45. Rxh6 b5 46. Kg4 d4 47. Kf3 d3 48. Rh5 Nxb2 49. Ke3 Nc4+ 50.
Kxd3 Nxa3 51. Kc3 Kg6 52. Rc5 Nc4 53. Rxb5 Ne3 54. Kd3 Nf5 55. Rb1 Kg5 56.
Rg1 Kg4 57. Ke2 a3 58. Kf2 a2 59. Ra1 Nxg3 1/2-1/2

[Event "Andorra Open"]
[Site "La Massana AND"]
[Date "2010.07.25"]
[Round "9"]
[White "Zilberman,Y"]
[Black "Paunovic,D"]
[Result "0-1"]
[WhiteElo "2441"]
[BlackElo "2553"]
[EventDate "2010.07.17"]

1. d4 d6 2. Nf3 g6 3. e4 Nf6 4. Nc3 Bg7 5. Be2 O-O 6. O-O c5 7. dxc5 dxc5
8. Qxd8 Rxd8 9. Be3 b6 10. Rfd1 Nc6 11. Rxd8+ Nxd8 12. Rd1 Bb7 13. Nd2 Ne8
14. f3 Nc6 15. a3 Nd4 16. Bd3 Nd6 17. Kf1 Rc8 18. Rc1 c4 19. Be2 b5 20. Nd1
a6 21. c3 Nxe2 22. Kxe2 f5 23. Nf2 Kf7 24. g3 Bc6 25. Bd4 Bh6 26. Be3 Bf8
27. exf5 gxf5 28. f4 Bg7 29. Nf3 Bxf3+ 30. Kxf3 a5 31. Rc2 Rb8 32. Bc5 Nb7
33. Bb6 Rc8 34. Rd2 Rc6 35. Ba7 Ra6 36. Bb8 b4 37. axb4 axb4 38. cxb4 Rb6
39. Be5 Rxb4 40. Bxg7 Kxg7 41. Nd1 Rb3+ 42. Ke2 Nd6 43. Nc3 Kf6 44. Nd5+
Ke6 45. Ne3 h5 46. Rc2 Kd7 47. Kd2 Ne4+ 48. Ke2 c3 49. bxc3 Nxc3+ 50. Kf1
e6 51. Kg2 Nd5 52. Nc4 h4 53. Ne5+ Ke7 54. Ra2 Ne3+ 55. Kh3 hxg3 56. hxg3
Nf1 57. Rg2 Kd6 58. Rg1 Ne3 59. Kh4 Rb8 60. Kg5 Nd5 61. Kg6 Nxf4+ 62. Kh6
Kxe5 63. gxf4+ Kxf4 64. Rf1+ Kg3 65. Rg1+ Kf2 66. Rg7 f4 0-1

[Event "Andorra Open"]
[Site "La Massana AND"]
[Date "2010.07.25"]
[Round "9"]
[White "Almagro Llamas,P"]
[Black "Delchev,A"]
[Result "0-1"]
[WhiteElo "2451"]
[BlackElo "2632"]
[EventDate "2010.07.17"]

1. e4 e5 2. Nf3 Nc6 3. Bb5 a6 4. Ba4 Nf6 5. O-O b5 6. Bb3 Bc5 7. Re1 d6 8.
c3 O-O 9. d4 Bb6 10. Bg5 h6 11. Bh4 Re8 12. dxe5 Nxe5 13. Nxe5 dxe5 14. Nd2
g5 15. Bg3 Bg4 16. Qc2 c5 17. c4 Ba5 18. Nf1 Bxe1 19. Rxe1 Qd4 20. Ne3 Be6
21. Nd5 Bxd5 22. exd5 bxc4 23. Bxc4 Kg7 24. b3 Rad8 25. Qe2 e4 26. Rd1 Qc3
27. Bc7 Rd7 28. d6 e3 29. Bxa6 exf2+ 30. Qxf2 Ng4 31. Qg3 Ne3 32. Rb1 Qc2
33. Ra1 Qb2 34. Rf1 Nxf1 35. Bxf1 Qd4+ 36. Kh1 Re3 37. Qf2 Rd3 38. Qxd4+
Rxd4 39. a4 R7xd6 40. Bxd6 Rxd6 41. Kg1 Rd2 42. a5 Ra2 43. a6 f5 44. Bb5
Ra5 45. Bc4 Kf6 46. Kf2 Ke5 47. Ke3 Ra2 48. Bb5 Kd6 49. Kf3 Kc7 50. Bd3 Ra3
0-1

[Event "Andorra Open"]
[Site "La Massana AND"]
[Date "2010.07.25"]
[Round "9"]
[White "Philippe,C"]
[Black "Kogan,Ar"]
[Result "1-0"]
[WhiteElo "2431"]
[BlackElo "2541"]
[EventDate "2010.07.17"]

1. e4 c5 2. Nf3 d6 3. d4 cxd4 4. Nxd4 Nf6 5. Nc3 Nc6 6. Bc4 e6 7. Be3 Be7
8. Qe2 Bd7 9. O-O-O Na5 10. Bb3 Rc8 11. f3 O-O 12. g4 Nxb3+ 13. axb3 Qa5
14. Kb1 Rfd8 15. g5 Nh5 16. f4 g6 17. f5 Bf8 18. Rhf1 Bg7 19. f6 Bf8 20.
Rd2 b5 21. Ndxb5 Rc6 22. Rd4 Rb8 23. Ra4 Qd8 24. Rxa7 Bc8 25. Nd4 Rc5 26.
Rd1 Qe8 27. Nf3 Rc6 28. Rd4 Bb7 29. Rb4 Rc7 30. Rb6 d5 31. e5 d4 32. Nxd4
Bc5 33. Ndb5 Bxb6 34. Bxb6 Rc6 35. Nd6 Qd7 36. Be3 Rxd6 37. exd6 Qxd6 38.
Qb5 Bc6 39. Qc5 Qxc5 40. Bxc5 h6 41. h4 Rc8 42. Bd6 Bf3 43. Bc7 Re8 44. Be5
hxg5 45. hxg5 Rc8 46. Rc7 Rd8 47. b4 Rd2 48. Rc8+ Kh7 49. Rf8 Rd7 50. b5
Rb7 51. Ka2 Bg4 52. Kb3 Bf5 53. Rb8 Rd7 54. b6 Rd2 55. b7 Bxc2+ 56. Ka3 1-0

[Event "Andorra Open"]
[Site "La Massana AND"]
[Date "2010.07.25"]
[Round "9"]
[White "Vernay,C"]
[Black "Gagarin,V"]
[Result "0-1"]
[WhiteElo "2470"]
[BlackElo "2403"]
[EventDate "2010.07.17"]

1. d4 d5 2. c4 c6 3. e3 Nf6 4. Nf3 Bf5 5. cxd5 cxd5 6. Nc3 e6 7. Ne5 Nfd7
8. Bb5 Bd6 9. e4 dxe4 10. Bf4 Bxe5 11. Bxe5 O-O 12. Bd6 Re8 13. O-O a6 14.
Ba4 b5 15. Bc2 Nf6 16. Be5 Nc6 17. Re1 Nxe5 18. dxe5 Ng4 19. Nxe4 Nxe5 20.
a4 Qxd1 21. Raxd1 Nc4 22. b3 Nb6 23. Rd6 Nd5 24. axb5 axb5 25. Bd3 Red8 26.
Rxd8+ Rxd8 27. g3 b4 28. Bc4 Kf8 29. Nc5 Nb6 30. Bf1 Ke7 31. Ra1 Rd2 32.
Bg2 Rb2 33. h4 Kd6 34. Ra5 Nd5 35. Bf1 Rb1 36. Kg2 Bh3+ 37. Kxh3 Rxf1 38.
Nd3 Rd1 39. Ra6+ Kc7 40. Nc5 Rc1 41. Ne4 Rb1 42. Ra7+ Kc6 43. Rxf7 Rxb3 44.
Rxg7 Rd3 45. Rg8 b3 46. Rc8+ Kb5 47. Nd6+ Kb4 48. Rb8+ Kc5 49. Ne4+ Kc6 50.
Rc8+ Nc7 51. Rb8 Nb5 52. Rc8+ Kd5 53. f3 Rxf3 54. Rc5+ Kxe4 55. Rxb5 Kd4
56. Kg4 Rd3 57. h5 Kc3 58. Rc5+ Kd2 59. h6 b2 0-1

[Event "Andorra Open"]
[Site "La Massana AND"]
[Date "2010.07.25"]
[Round "9"]
[White "Shytaj,L"]
[Black "Mogranzini,R"]
[Result "0-1"]
[WhiteElo "2466"]
[BlackElo "2387"]
[EventDate "2010.07.17"]

1. e4 c5 2. Nf3 e6 3. d4 cxd4 4. Nxd4 a6 5. c4 Nf6 6. Nc3 Qc7 7. a3 b6 8.
Be3 Bb7 9. f3 d6 10. Be2 Be7 11. Rc1 Nbd7 12. b4 O-O 13. O-O Rfe8 14. Qd2
Rac8 15. Rfd1 Ne5 16. Na4 Nfd7 17. Bf1 Qb8 18. Kh1 h5 19. Qf2 Bd8 20. Nb3
Ba8 21. h3 h4 22. Kg1 Rf8 23. Nd4 Re8 24. Qd2 Bc7 25. Rc2 Nf6 26. c5 dxc5
27. bxc5 b5 28. Nb6 Rcd8 29. Nxa8 Qxa8 30. Qe1 Ng6 31. Bf2 Nh5 32. Bxh4
Nxh4 33. Qxh4 g6 34. Rd3 Bg3 35. Qg4 Be5 36. Nb3 Rxd3 37. Bxd3 Qd8 38. Rd2
Bf4 39. Rd1 Qf6 0-1

[Event "Andorra Open"]
[Site "La Massana AND"]
[Date "2010.07.25"]
[Round "9"]
[White "Midoux,S"]
[Black "Moreno Ruiz,J"]
[Result "1-0"]
[WhiteElo "2314"]
[BlackElo "2494"]
[EventDate "2010.07.17"]

1. e4 c5 2. Nf3 g6 3. c3 d5 4. exd5 Qxd5 5. d4 Bg7 6. Na3 cxd4 7. Bc4 Qe4+
8. Be3 Nh6 9. cxd4 O-O 10. O-O Nf5 11. Re1 Qg4 12. h3 Qh5 13. Ne5 Qxd1 14.
Raxd1 Nc6 15. Nxc6 bxc6 16. g4 Nxe3 17. Rxe3 e6 18. Nc2 Rb8 19. b3 Rd8 20.
Red3 Rb6 21. Kf1 Ba6 22. Na3 Bxc4 23. Nxc4 Rb5 24. Ke2 Rbd5 25. Ke3 Bf8 26.
Nb2 c5 27. dxc5 Bxc5+ 28. Ke2 Rxd3 29. Nxd3 Bb6 30. Rc1 f6 31. b4 Rd7 32.
a4 Rc7 33. a5 Rxc1 34. Nxc1 Bc7 35. Kd3 Kf7 36. Kc4 f5 37. gxf5 exf5 38.
Kd5 g5 39. Kc6 Be5 40. Ne2 g4 41. hxg4 fxg4 42. b5 h5 43. b6 a6 44. b7 h4
45. Kb6 h3 46. Ng3 h2 47. Nh1 Ke6 48. Kxa6 Kd5 49. Ka7 Ke4 50. b8=Q Bxb8+
51. Kxb8 Kf3 52. a6 Kg2 53. Ng3 Kxf2 54. a7 Kxg3 55. a8=Q Kh3 56. Kc7 1-0

[Event "Andorra Open"]
[Site "La Massana AND"]
[Date "2010.07.25"]
[Round "9"]
[White "Pavlovic,Milo2"]
[Black "Sanchez Jerez,E"]
[Result "1-0"]
[WhiteElo "2483"]
[BlackElo "2301"]
[EventDate "2010.07.17"]

1. e4 c5 2. Nf3 Nc6 3. d4 cxd4 4. Nxd4 Nf6 5. Nc3 e5 6. Ndb5 d6 7. Bg5 a6
8. Na3 Be6 9. Nc4 Rc8 10. Bxf6 Qxf6 11. Nb6 Rb8 12. Ncd5 Qg6 13. Qf3 Be7
14. Bd3 O-O 15. O-O Bg5 16. c3 Kh8 17. Rad1 Bd8 18. h3 Bxb6 19. Nxb6 Ne7
20. Bc4 Rbd8 21. Rd2 f5 22. Bxe6 fxe4 23. Qg4 Qh6 24. Rfd1 e3 25. Rd3 e2
26. Qxe2 Qxe6 27. Nd5 Nf5 28. Qe4 Rf7 29. Rf3 g6 30. a4 Kg7 31. a5 Rc8 32.
Rfd3 h5 33. b4 Rc6 34. Rf3 Qc8 35. Nb6 Qc7 36. Rdd3 Qe7 37. Nd5 Qg5 38. Rd1
Rf8 39. Nb6 Rf7 40. Kh2 Rfc7 41. c4 Nd4 42. Rg3 Qh6 43. c5 Re7 44. Rxd4 1-0

[Event "Andorra Open"]
[Site "La Massana AND"]
[Date "2010.07.25"]
[Round "9"]
[White "Lillo Castay,V"]
[Black "Vehi Bach,V"]
[Result "0-1"]
[WhiteElo "2284"]
[BlackElo "2405"]
[EventDate "2010.07.17"]

1. e4 c5 2. Nf3 e6 3. d4 cxd4 4. Nxd4 Nf6 5. Nc3 d6 6. Bc4 Be7 7. Bb3 O-O
8. Be3 Na6 9. f4 Nc5 10. Qf3 a5 11. O-O a4 12. Bc4 Nfxe4 13. Nxe4 Nxe4 14.
Qxe4 d5 15. Bxd5 exd5 16. Qf3 Re8 17. Rad1 Bc5 18. Rfe1 Qb6 19. Bf2 Rxe1+
20. Rxe1 Bg4 21. Qxg4 Bxd4 22. Qe2 Bxf2+ 23. Qxf2 Qxb2 24. Qa7 Rc8 25. Qxa4
b5 26. Qb3 Qd4+ 27. Qe3 Qxe3+ 28. Rxe3 Kf8 29. Re2 Rc4 30. g3 f6 31. Kf2
Ra4 32. c3 Ra3 33. Ke3 Ke7 34. Kd4+ Kd6 35. f5 Ra4+ 36. Kd3 Kc5 37. h3 Ra3
38. Rb2 g6 39. fxg6 hxg6 40. g4 g5 41. Kc2 d4 42. cxd4+ Kc4 43. Kd1 Rxh3
44. Rd2 Kc3 45. Re2 Rd3+ 46. Kc1 Rxd4 47. Re3+ Kc4 48. Rg3 b4 49. Kc2 Rf4
50. Rg2 Rf3 51. Kb2 Kd4 52. Re2 Rf4 53. Re6 Rxg4 54. Rxf6 Rf4 55. Re6 Re4
56. Rg6 g4 57. Kb3 Ke3 0-1

[Event "Andorra Open"]
[Site "La Massana AND"]
[Date "2010.07.25"]
[Round "9"]
[White "Cori T.,D"]
[Black "Archangelsky,M"]
[Result "0-1"]
[WhiteElo "2403"]
[BlackElo "2209"]
[EventDate "2010.07.17"]

1. d4 d5 2. Nf3 Nf6 3. c4 c6 4. Nc3 a6 5. c5 Bf5 6. h3 h6 7. Bf4 Nbd7 8.
Qb3 Qc8 9. e3 e6 10. Be2 Be7 11. Ne5 Bd8 12. g4 Bh7 13. h4 Nxe5 14. Bxe5
Bc7 15. f4 Bxe5 16. fxe5 Ne4 17. Nxe4 Bxe4 18. Rh2 Qc7 19. Bd3 Qa5+ 20. Rd2
Bxd3 21. Qxd3 O-O-O 22. a3 Rdf8 23. O-O-O Qd8 24. Rh1 f6 25. Qg6 Qe7 26.
Rf2 fxe5 27. Rhf1 exd4 28. exd4 Rxf2 29. Rxf2 Rf8 30. Rxf8+ Qxf8 31. Qxe6+
Kb8 32. Qf5 Qe7 33. Qf4+ Ka7 34. g5 hxg5 35. hxg5 Qe1+ 36. Kc2 Qe2+ 37. Qd2
Qc4+ 38. Kb1 Qf1+ 39. Ka2 Qc4+ 40. b3 Qf1 41. a4 Qf5 42. Kb2 Qe4 43. b4 Kb8
44. Qh2+ Ka7 45. Kc3 Qb1 46. Qd2 Qa1+ 47. Kb3 Qb1+ 48. Ka3 Qa1+ 49. Kb3
Qb1+ 50. Qb2 Qd3+ 51. Ka2 Qc4+ 52. Ka1 Qf1+ 53. Ka2 Qc4+ 54. Ka1 a5 55.
bxa5 Qxa4+ 56. Kb1 Qb5 57. Kc2 Qxb2+ 58. Kxb2 Ka6 59. Ka3 Kxa5 60. g6 b6
61. cxb6 Kxb6 62. Kb4 c5+ 63. dxc5+ Kc6 64. Kc3 Kxc5 65. Kd3 d4 66. Kd2 Kd5
67. Kd3 Ke5 68. Kd2 Kf5 69. Kd3 Kxg6 70. Kxd4 Kf5 71. Ke3 Kg4 72. Kf2 Kh3
73. Kg1 Kg3 74. Kh1 g5 75. Kg1 g4 76. Kh1 Kf2 0-1